Principal Cities of Pennsylvania - Statistics

General Stats
  • This quiz has been taken 37 times
  • The average score is 17 of 41
Answer Stats
Population Answer % Correct
1,603,797 Philadelphia
96%
302,971 Pittsburgh
96%
125,845 Allentown
91%
94,831 Erie
91%
50,135 Harrisburg
91%
76,328 Scranton
87%
44,328 Wilkes-Barre
87%
75,781 Bethlehem
78%
43,963 Altoona
74%
44,800 York
74%
58,039 Lancaster
70%
40,501 State College
70%
95,112 Reading
65%
7,106 Gettysburg
57%
27,754 Williamsport
57%
18,411 Johnstown
48%
20,118 Carlisle
39%
12,711 Bloomsburg
35%
21,903 Chambersburg
35%
26,814 Lebanon
35%
14,044 Indiana
30%
8,108 Lock Haven
30%
9,613 Oil City
30%
9,847 East Stroudsburg
26%
21,926 New Castle
26%
13,346 Pottsville
26%
7,849 Bradford
22%
16,420 Hanover
22%
13,050 Meadville
22%
6,827 Huntingdon
17%
12,738 St. Marys
17%
10,355 Berwick
13%
5,158 Lewisburg
13%
7,510 DuBois
9%
8,561 Lewistown
9%
9,719 Sunbury
9%
9,404 Warren
9%
10,951 Waynesboro
9%
5,461 Sayre
4%
6,046 Somerset
4%
5,761 Selinsgrove
0%
No matching quizzes found
Score Distribution
Percent of People with Each Score
Percentile by Number Answered
Your Score History
You have not taken this quiz